000 004050000a22001210004500
090 _aAR
_b04605
100 1 _aThomas, J. A.
_998721
700 1 _aElmes, G. W.
_998722
245 1 0 _aSpecialized searching and the hostile use of allomones by a parasitoid whose host, the butterfliy Maculinea rebeli, inhabits ant nests
041 0 _aInglés
942 _cARTICULO
773 1 _tAnim. Behav.
_q593-602 p.
_d1993
_g45
999 _c13705
_d13705